000
00299nam a2200133Ia 4500
100
_a
Ramani/S; Rao/N.V
650
_a
Chemistry
942
_c
BK
654
_a
Programming
245
_a
Computer Programming
260
_b
MMC School Of Management
_a
Bombay
_c
1970
082
_a
1.6
546
_a
ENGLISH
999
_c
33156
_d
33156